000 00648nam a2200217Ii 4500
003 JO-AjNU
008 230605s9999||||xx |||||||||||||| ||und||
017 _a2012/2/511
040 _aJO-AjNU
_bara
_erda
_cJO-AjNU
041 _aara
050 1 4 _aPJ7814.S63 2012
100 3 _aالإسمر، أنور,
_eauthor
_947402
245 0 0 _aوأنت إذ تكتب على الريح
250 _aط1
264 3 1 _aعمان:المؤلف، 2012
300 _a120ص
336 _atext
_btxt
_2rdacontent
337 _aunmediated
_bn
_2rdamedia
338 _avolume
_bnc
_2rdacarrier
650 4 _aالشعر العربي - العصر الحديث
_947403
999 _aA20691
_c24259
_d24259